Palmarès du Top 12 (badminton) - Statistiques

Statistiques générales
  • Ce quiz a été pris 226 fois
    3 depuis la dernière actualisation
  • Le résultat moyen est 80 sur 180
Statistiques - réponses
Réponse % Correct
Aire-sur-la-Lys
100%
Fos-sur-Mer
100%
Strasbourg
100%
Chambly
67%
Issy-les-Moulineaux
67%
Mulhouse
67%
Saint-Maur-des-Fossés
67%
Arras
33%
Bordeaux
33%
Lille
33%
Paris
33%
Aix-en-Provence
0%
Aulnay-sous-Bois
0%
Clichy
0%
Evry
0%
Le Havre
0%
Lillebonne
0%
Morsang-sur-Orge
0%
Saint-Maurice
0%
Aucun quiz correspondant
Distribution des résultats
% des personnes avec chaque résultat
Percentile par nombre de réponses
Votre historique - résultats
Vous n’avez pas pris ce quiz depuis la dernière actualisation